History Quiz

Random History or Biography Quiz
Score 0/15 Timer 04:00
1 Play Today
% Correct
Hoop Genius
93.3%
Pop!
92.6%
I Wonder What's Under There?
92.6%
Sit-In
92.4%
Finding Winnie
91.7%
Fly, Cher Ami, Fly!
91.2%
The Right Word
90.8%
Aliens Are Coming!
90%
% Correct
Sundiata
88.7%
Bad News for Outlaws
88.4%
Who Says Women Can't Be Doctors?
87.2%
Thomas Jefferson
87%
I Feel Better with a Frog in My Throat
86.7%
Miss Lady Bird's Wildflowers
83.7%
Tricky Vic
73.8%
Remove Ads.
Support Sporcle.
Get the best of Sporcle when you Go Orange. This ad-free experience offers more features, more stats, and more fun while also helping to support Sporcle. Thank you for becoming a member.

You're not logged in!

Compare scores with friends on all Sporcle quizzes.
OR
Log In

Show Comments

Extras

Top Quizzes Today


Score Distribution

Your Account Isn't Verified!

In order to create a playlist on Sporcle, you need to verify the email address you used during registration. Go to your Sporcle Settings to finish the process.

Report this User

Report this user for behavior that violates our Community Guidelines.

Details: